Κατάλογος Βιβλιοθηκών Mediterranean College

Energy Policy / Second Edition (Record no. 2283)

MARC details
000 -LEADER
fixed length control field 01038cam a22001814a 4500
005 - ΗΜΕΡΟΜΗΝΙΑ ΚΑΙ ΩΡΑ ΤΕΛΕΥΤΑΙΑΣ ΕΝΗΜΕΡΩΣΗΣ
Πεδίο ελέγχου 20250605163323.0
008 - FIXED-LENGTH DATA ELEMENTS--GENERAL INFORMATION
Πεδίο ελέγχου σταθερού μήκους 250528s ||||||||||||||||||||||||d
035 ## - SYSTEM CONTROL NUMBER
System control number 16829
020 ## - ISBN
ISBN 87187167
040 ## - ΠΗΓΗ ΚΑΤΑΛΟΓΟΓΡΑΦΗΣΗΣ
Φορέας πρωτότυπης καταλογογράφησης MC Athens Campus Library
Γλώσσα καταλογογράφησης Ελληνικά, Μοντέρνα (1453-)
Modifying agency MC Athens Campus Library
Κανόνες περιγραφικής καταλογογράφησης AACR2
245 1# - ΤΙΤΛΟΣ ΚΑΙ ΔΗΛΩΣΗ ΥΠΕΥΘΥΝΟΤΗΤΑΣ
Τίτλος Energy Policy / Second Edition
260 ## - PUBLICATION, DISTRIBUTION, ETC.
Name of publisher, distributor, etc. Congressional Quarterly Inc,
Date of publication, distribution, etc. 1981
300 ## - PHYSICAL DESCRIPTION
Extent 274
520 ## - SUMMARY, ETC.
Summary, etc. Search for Consensus: 1973-80, America Becomes Vulnerable, Effects of Cheap and Abundant Energy, Embargo and Revolution: Two Shocks to the World, Pricing: Key Question for Congress, Oil Pricing: Controls Eased, Natural Gas: The Fight for Decontrol, Beyond Price: Carrots and Sticks, Conversation: Painful but Possible, Conversation to Coal: A Return to Yesteryear, Subsidizing Alternative Fuels, Nuclear Power: Major Questions Remain, Emergency Preparedness, The Environment Conflict, Energy Policymakers, Energy Legislation 1973-80, The Presidents on Energy, Glossary of Terms, Bibliography, Index.
942 ## - ADDED ENTRY ELEMENTS (KOHA)
Koha item type Books
Holdings
Τύπος τεκμηρίου Βιβλιοθήκη Τρέχουσα τοποθεσία Barcode Αριθμός εισαγωγής Ημερομηνία απόκτησης Ταξιθετικό σύμβολο Αριθμός αντιτύπου Κατάσταση απόσυρσης Κατάσταση χαμένου Κατάσταση κατεστραμμένου Μη δανεισμός Σύνολο δανεισμών Ημερομηνία τελευταίας εμφάνισης Η τιμή ισχύει από
Books MC Athens Campus Library MC Athens Campus Library 9780000022820 5075 05/06/2025 REF 333.79/0973 CON 1           05/06/2025 05/06/2025

MC Athens Campus Library
Πατησίων 94 & Κοδριγκτώνος 13, 104 34
Πελλήνης 8 & Πατησίων 107, 112 51
Τ: +30 210 8899600

MC Thessaloniki Campus Library
Ίωνος Δραγούμη 21, 54625 | Ίωνος Δραγούμη 15, 54625
Τ: +30 2310 287779 – Τ: +30 2314 440300